Score 0/20 Timer 04:00
1 Play Today
Hint Answer % Correct
MovieOz
99.2%
MusicalOpera
96.3%
AlbumOver
95%
MusicalOne
94.6%
BookOliver
93.6%
BookOrder
92.8%
AlbumOld
92.7%
MusicalOh
89.8%
MovieOdyssey
88%
MovieOther
87.8%
Hint Answer % Correct
BookOranges
85.7%
MusicalOff
84.9%
MovieOcean's
77.9%
BookOrigin
75.7%
MovieOrdinary
69.7%
AlbumOno
56.8%
BookOedipus
55.2%
AlbumOut
45.9%
MusicalOnce
23.1%
AlbumObscured
10.9%

Today's Daily Dose

Get the Picture
Towers!

Remove Ads.
Support Sporcle.
Get the best of Sporcle when you Go Orange. This ad-free experience offers more features, more stats, and more fun while also helping to support Sporcle. Thank you for becoming a member.

You're not logged in!

Compare scores with friends on all Sporcle quizzes.
OR
Log In

Sporcle TV

Today on Sporcle TV


Watch our educational content, quiz creation guides, and fun videos on Sporcle TV.

Show Comments

Extras

Top Quizzes Today


Score Distribution

Paid Content

Your Account Isn't Verified!

In order to create a playlist on Sporcle, you need to verify the email address you used during registration. Go to your Sporcle Settings to finish the process.

Report this User

Report this user for behavior that violates our Community Guidelines.

Details: